000 00789nam a2200241Ia 4500
003 OSt
005 20220926012441.0
006 a|||||r|||| 00| 0
007 ta
008 220923b |||||||| |||| 00| 0 eng d
020 _a9780231140027
_c4980.50
037 _b1912, 11/01/2019, Dhanraj Book House
_cGeneral Book
040 _aRTL
_cRTL
_beng
041 _2eng
_aeng
082 _aX415.2, P7
100 _aBEAR Laura
_929222
245 0 _aLines of the nation
_b Indian Railway workers, bureaucracy, and the intimate historical self
260 _aNew York
_bColumbia University Press
_c2007
300 _axii,346p
_ccm.
650 _aSociology
942 _hX415.2, P7
_cGB
_2CC
999 _c623051
_d623051